logo

Bir Sreshtho Munshi Abdur Rouf Library
Jhenaidah Cadet College

Pottery technology : (Record no. 1933)

MARC details
000 -LEADER
fixed length control field 00849pam a2200289 a 4500
001 - CONTROL NUMBER
JCCL Control Number 1933
003 - CONTROL NUMBER IDENTIFIER
JCCL marc code BD-JhCC
005 - DATE AND TIME OF LATEST TRANSACTION
control field 20171026172826.0
008 - FIXED-LENGTH DATA ELEMENTS--GENERAL INFORMATION
fixed length control field 871130s1989 coua b 000 0 eng
020 ## - INTERNATIONAL STANDARD BOOK NUMBER
International Standard Book Number 0813374782
035 ## - SYSTEM CONTROL NUMBER
system control number (BD-JhCC)1933
040 ## - CATALOGING SOURCE
Original cataloging agency DLC
Transcribing agency DLC
Modifying agency DLC
041 ## - LANGUAGE CODE
Language code of Book eng
050 00 - LIBRARY OF CONGRESS CALL NUMBER
Classification number CC79.5.P6
Item number P68 1989
082 00 - DEWEY DECIMAL CLASSIFICATION NUMBER
Classification number 730.1/028/5
DDC Edition number 19
Author mark and Year BRO 1989
100 ## - MAIN ENTRY--PERSONAL NAME
Personal name Bronitsky, Gordon
245 00 - TITLE STATEMENT
Title Pottery technology :
Remainder of title ideas and approaches /
Statement of responsibility, etc edited by Gordon Bronitsky.
260 ## - PUBLICATION, DISTRIBUTION, ETC. (IMPRINT)
Place of publication, distribution, etc Boulder :
Name of publisher, distributor, etc Westview Press,
Date of publication, distribution, etc 1989.
300 ## - PHYSICAL DESCRIPTION
Pagination vii, 220 p. :
Other physical details ill. ;
Dimensions 23 cm.
440 #0 -
Title Westview special studies in archaeological research
504 ## - BIBLIOGRAPHY, ETC. NOTE
Bibliography, etc Includes bibliographical references.
650 #0 - SUBJECT ADDED ENTRY--TOPICAL TERM
Topical term or geographic name as entry element Pottery.
650 #0 - SUBJECT ADDED ENTRY--TOPICAL TERM
Topical term or geographic name as entry element Archaeology
General subdivision Methodology.
700 1# - ADDED ENTRY--PERSONAL NAME
Personal name Bronitsky, Gordon.
942 ## - ADDED ENTRY ELEMENTS (KOHA)
Source of classification or shelving scheme Dewey Decimal Classification
Koha item type Books
Holdings
Source of classification or shelving scheme Damaged status Not for loan Home library Current library Shelving location Total Checkouts Full call number Barcode Date last seen Copy number Koha item type
Dewey Decimal Classification     JCC Rouf Library JCC Rouf Library General Stacks   730.1/028/5 BRO 1989 2655 10/26/2017 C-1 Books

JCC Library | Contacts | JCC Home

Last Update on 23 September 2017
Copyright @ 2017-2020 JCC Rouf Library
Rouf Library, Jhenidah Cadet College (JCC), Bangladesh